00406 2200145 4500245007800000250001100078700001600089650003600105005001900141260003300160041001400193084000800207490003600215336000900251 aSejarah Nasional Indonesia Volume 8 ( Indonesia Raya )cY. AgustonohText aCet. 2 aY. Agustono aEnsiklopedia Sejarah Dan Budaya a20231124100333 aJakartabLENTERA ABADIc2009 aIndonesia a903 aEnsiklopedia Sejarah Dan Budaya atext